000 00953nam a2200289 a 4500
001 63045
003 BD-RjUL
005 20211209081144.0
008 170128s1973 enk b 001 0 eng
020 _a0333140311
020 _a0333140338 (pbk.)
035 _a(BD-RjUL)63173
040 _aDLC
_cDLC
_dBD-RjUL
_beng
041 _aeng
082 0 0 _a823.912
_223
_bJAM 1982
100 1 _aBeja, Morris,
_9187553
245 1 0 _aJames Joyce: Dubliners and A portrait of the artist as a young man;
_ba casebook /
_cedited by Morris Beja.
260 _aLondon :
_bMacmillan,
_cc1973 [reprinted 1982]
300 _a256 p. ;
_c20 cm.
350 _a£2.50
490 0 _aCasebook series
504 _aInclude Bibliography and index
600 1 0 _aJoyce, James,
_d1882-1941.
_tPortrait of the artist as a young man.
_9187556
600 1 0 _aJoyce, James,
_d1882-1941.
_tDubliners.
_9187557
651 0 _aDublin (Ireland)
_xIn literature.
_9187272
942 _2ddc
_cBK
999 _c63045
_d63045